000 00588nmm a2200181Ia 4500
008 251105s9999||||xx |||||||||||||||||und||
020 _a9789587197808
041 _aspa
100 _aVignolo, Paolo
245 0 _aTierra Firme: El Darién en el imaginario de los conquistadores
264 _a[Bogotá, Colombia] :
_bUniversidad Nacional de Colombia,
_c2011
300 _a303 páginas
650 _aHistory of the Americas: Latin America
700 _aVignolo, Paolo
700 1 _a Becerra, Virgilio (eds.)
856 _uhttps://public.digitaliapublishing.com/a/62148
942 _cCF
999 _c72385
_d72385